| 000 | 00589nam a2200229Ia 4500 | ||
|---|---|---|---|
| 999 |
_c50428 _d50428 |
||
| 001 | 17372 | ||
| 003 | GE_BSU | ||
| 005 | 20240916102459.0 | ||
| 008 | 181216s1989||||enk|||||||||||||| ||eng|| | ||
| 020 | _a0521284759x | ||
| 040 | _cGE_BSU | ||
| 041 | _aeng | ||
| 080 | _a81(410.1) B-89 | ||
| 100 |
_aBrown, Gillian _914858 |
||
| 245 |
_aDiscourse Analysis / _cGillian Brown. |
||
| 264 |
_aCambridge, _c1989. |
||
| 300 | _a288 p. | ||
| 541 | _h12L. | ||
| 653 | _aდისკურსის ანალიზი | ||
| 653 | _aინგლისური ენა | ||
| 942 |
_cBK _2udc |
||